| 000 | 00571nam a2200169Ia 4500 | ||
|---|---|---|---|
| 008 | 220216s9999 xx 000 0 und d | ||
| 100 | _aDey S K | ||
| 245 | 0 | _aIncidence of tapping panel dryness in Hevea brasiliensis trees in Tripura | |
| 260 | _bIn: Tapping Panel Dryness of Rubber Trees (Eds.James Jacob; R Krishnakumar and N.M. Mathew) Rubber Research Institute of India, Kottayam, 2006, pp.74-78. | ||
| 650 | _aClone | ||
| 650 | _aNorth East India | ||
| 650 | _aNutrition | ||
| 650 | _aRubber tree | ||
| 650 | _aTapping system | ||
| 650 | _aTPD | ||
| 942 | _cBS | ||
| 999 |
_c50737 _d50737 |
||